Country Puns Conversation - Statistics

General Stats
  • This quiz has been taken 35 times
  • The average score is 12 of 26
Answer Stats
Converstation Continent Starting letter % Correct
My stomach is rumbling, I am really {Hungary}! Europe H
100%
Maybe you should {Czech} the fridge? Europe C
70%
Maybe you'll find some {Turkey}, Asia T
67%
There is, but it is covered in a layer of {Greece} Europe G
59%
Ew! There's {Norway} you should eat that! Europe N
56%
I should too, {Iran} home because it was raining. Asia I
56%
Yeah, maybe I'll just settle for a can of {Chile} South America C
56%
{Oman}, I hate the rain. Asia O
52%
Thank you, did you {Finnish} yours? Europe F
52%
It will all be worth it, {India} end. Asia I
48%
{Yemen}, It's been raining a lot lately. Asia Y
48%
Alright, I'm {Ghana} do it. Africa G
44%
{Kenya} do that for me please? Africa K
44%
Good idea! I'm {Russian} to the kitchen. Europe R
41%
{Jamaican} it sound like you're having a tough time. North America J
41%
Not yet, I'll do it after I {Polish} my shoes. Europe P
41%
Are you {China} get me along? Asia C
37%
{Uganda} sound like you don't mind being indoors? Africa U
37%
Well, {Denmark} your name on it. Europe D
37%
Yeah, the pain {Israel}. Asia I
37%
I'd like to do something outdoors. It's like I've {Benin} this house forever. Africa B
33%
You know my friends, and they like you. {Taiwan} us to come together. Asia T
30%
I {Belize} the weather is going to be better this weekend. North America B
26%
You can read your book now, it's not like we need to leave all of the {Sudan} Africa S
26%
Cool, I like {Togo} to the beach with some friends instead of playing this old Fender {Qatar}. Africa & Asia T & Q
19%
I really like to read my book, {Bhutan} the other hand, a day at the beach would be nice. Asia B
19%
No matching quizzes found
Score Distribution
Percent of People with Each Score
Percentile by Number Answered
Your Score History
You have not taken this quiz